[Event "Winnipeg Manitoba op"]
[Site "Winnipeg"]
[Date "1991.05.18"]
[Round "1"]
[White "Seier, Ken J"]
[Black "Brouillette, Sean"]
[Result "1-0"]
[WhiteElo "1663"]
[BlackElo "1451"]
[PlyCount "57"]
[EventDate "1991.05.18"]
[EventType "swiss"]
[EventRounds "6"]
[EventCountry "CAN"]
[SourceTitle "EXT 2022"]
[Source "ChessBase"]
[SourceDate "2021.10.06"]
[SourceVersion "1"]
[SourceVersionDate "2021.10.06"]
[SourceQuality "1"]

1. d4 Nf6 2. Nf3 e6 3. e3 c5 4. Bd3 d5 5. c3 cxd4 6. exd4 Bd6 7. 0-0 0-0 8. Re1 Qc7 9. Nbd2 Nbd7 10. c4 dxc4 11. Nxc4 Bf4 12. Be3 b6 13. Rc1 Bxe3 14. Rxe3 Ng4 15. Bxh7+ Kh8 16. Re4 Ndf6 17. Nce5 Qb7 18. Rxg4 Nxg4 19. Nxg4 Kxh7 20. Ng5+ Kg8 21. Qd3 f5 22. Ne5 Qe7 23. Qf3 Qxg5 24. Rc7 Qd2 25. h3 Qxd4 26. Qg3 Qxe5 27. Qxe5 Rf6 28. Qc3 Ba6 29. Qa3 1-0